| 000 | 00539cab a2200205 4500 | ||
|---|---|---|---|
| 001 | WB3337-45 | ||
| 008 | 090401t1997 xxu||||| |||| 00| 0 eng d | ||
| 035 | _a(Sirsi) u81114 | ||
| 041 | _aeng | ||
| 245 | _aCoventry and Warwickshire | ||
| 260 | _c1997 | ||
| 350 | _a0 | ||
| 490 |
_aTimes _v26 September 1997, 35-37(3) LOAN |
||
| 520 | _aSurvey of Coventry and Warwickshire, an area poised for an economic boom. | ||
| 650 | _aCOVENTRY | ||
| 650 | _aWARWICKSHIRE | ||
| 690 | _aSPECIAL REPORTS | ||
| 942 | _n0 | ||
| 948 | _c26/09/1997 | ||
| 999 |
_c51114 _d51114 |
||